Countries by Emojis based off their flags #2 - Statistics

General Stats
  • This quiz has been taken 7 times
  • The average score is 10 of 21
Answer Stats
Emojis Answer % Correct
🟦⬜πŸŸ₯ France
100%
πŸŸ₯⬜🟦🏁 Croatia
86%
⬜🟦✑ Israel
86%
πŸŸ₯5⭐ China
71%
πŸŸ₯β¬œβ¬›πŸ¦… Egypt
71%
πŸŸ₯πŸŸ¨πŸŸ¦πŸ¦… Moldova
71%
πŸŸ₯🟦🟨 Armenia
57%
🟦⬜5πŸŸ¦β˜… Honduras
57%
πŸŸ₯β­πŸ“–πŸ”«πŸŸ©β¬œβ¬›πŸŸ¨ Mozambique
57%
πŸŸ¦β˜…β¬œπŸŸ₯β˜… Panama
57%
🟦πŸŸ₯🏰 Cambodia
43%
πŸŸ₯⬜🟦🟩 Gambia
29%
⬜πŸŸ₯πŸŸ©βš” Oman
29%
⬜πŸŸ₯🟦 Russia
29%
⬜🟦πŸŸ₯☨ Slovakia
29%
πŸŸ₯β¬œπŸŸ©πŸ‘‘6⭐ Tajikistan
29%
πŸŸ¦β˜†β¬œπŸŸ₯ Chile
14%
⬜🟦🟩πŸŸ₯β˜… Djibouti
14%
🟦🟨⎯⬜✴ Nauru
14%
🟩πŸŸ₯β¬œβ¬› Sudan
14%
πŸŸ¦πŸŸ¨πŸŸ©β˜€ Rwanda
0%
No matching quizzes found
Score Distribution
Percent of People with Each Score
Percentile by Number Answered
Your Score History
You have not taken this quiz